000 00463nam a22001697a 4500
999 _c17650
_d17650
003 OSt
005 20250917062520.0
008 221124b ||||| |||| 00| 0 eng d
040 _c0
100 _aMiraflor, Madelaine B.
_946879
245 _aDA aims to increase agriculture exports /
260 _aPhilippines ;
_bManila Bulletin,
_cFebruary 14, 2020.
300 _apage B-3.
610 _aAgriculture.
_946880
650 0 _aEconomic.
_946881
942 _2ddc
_cPER